000
00265nam a22001217a 4500
999
_c
155368
_d
155368
082
_a
_b
100
_a
Sadasivan
245
_a
Sri Narayana Gurudevan jeevithacharithram/
_c
by Sadasivan/
260
_a
_b
_c
2007.
300
_a
267p.
650
_a
942
_c
BK